RDR2 Stranger Missions - Statistics

General Stats
  • This quiz has been taken 15 times
  • The average score is 9 of 26
Answer Stats
Chapter Quest Giver Mission Name % Correct
Chapter 6 Hamish Sinclair The Veteran
67%
Chapter 4 Marko Dragic A Bright Bouncing Boy
58%
Chapter 3 Jeremy Gill A Fisher of Fish
58%
Chapter 4 Proetus & Acrisius Oh, Brother
58%
Chapter 2 Theodore Levin The Noblest of Men, and a Woman
58%
Chapter 2 Fundraiser Lady Fundraiser
50%
Chapter 2 Albert Mason Arcadia for Amateurs
42%
Chapter 2 Francis Sinclair Geology for Beginners
42%
Chapter 4 Charles Châtenay The Artist’s Way
42%
Chapter 4 Wendell White & Sampson Black The Ties That Bind Us
42%
Chapter 2 Edmund Lowry Jr. American Dreams
33%
Chapter 2 Phineas T. Ramsbottom Smoking and other Hobbies
33%
Chapter 2 Old Cajun A Fine Night For It
25%
Chapter 2 Máximo Cristóbal Valdespino All That Glitters
25%
Chapter 4 Algernon Wasp Duchesses and other Animals
25%
Chapter 4 Brother Dorkins Help a Brother Out
25%
Chapter 3 Margaret He’s British, of Course
25%
Chapter 4 Henri Lemieux Idealism and Pragmatism for Beginners
25%
Chapter 4 Andrew Bell III The Mercies of Knowledge
25%
Chapter 2 Miss Marjorie The Smell of the Grease Paint
25%
Chapter 5 Charlotte Balfour The Widow of Willard’s Rest
25%
Chapter 3 Alphonse Renaud No Good Deed
17%
Epilogue 1 Evelyn Miller The American Inferno, Burnt Out
17%
Chapter 3 Jeremiah Compson The Iniquities of History
17%
Chapter 5 Obediah Hinton The Wisdom of the Elders
17%
Chapter 2 Deborah MacGuiness A Test of Faith
8%
No matching quizzes found
Score Distribution
Percent of People with Each Score
Percentile by Number Answered
Your Score History
You have not taken this quiz